ordinance No.48 of 1945. L.D.-O. 51/45.M.L.A.-BA. 662. An ordinance To Make Special Provision To Enable The Unofficial Members of The Local Board of Health And Improvement of The Town of Minuwangoda,Whose Term of office Is Due To Expire on The Fifteenth D (Record no. 50268)
[ view plain ]
| 000 -LEADER | |
|---|---|
| fixed length control field | 00549nam a2200133Ia 4500 |
| 008 - FIXED-LENGTH DATA ELEMENTS--GENERAL INFORMATION | |
| fixed length control field | 180921t xxu||||| ||||o00| 0 eng d |
| 041 ## - LANGUAGE CODE | |
| Language code of text/sound track or separate title | English |
| 080 ## - UNIVERSAL DECIMAL CLASSIFICATION NUMBER | |
| Universal Decimal Classification number | The Ordinances Of Ceylon 1945 |
| 942 ## - ADDED ENTRY ELEMENTS (KOHA) | |
| Koha item type | Books |
| 003 - CONTROL NUMBER IDENTIFIER | |
| control field | LK-CoDNM |
| 040 ## - CATALOGING SOURCE | |
| Original cataloging agency | LK-CoDNM |
| Modifying agency | LK-CoDNM |
| Description conventions | LK-CoDNM |
| 245 ## - TITLE STATEMENT | |
| Title | ordinance No.48 of 1945. L.D.-O. 51/45.M.L.A.-BA. 662. An ordinance To Make Special Provision To Enable The Unofficial Members of The Local Board of Health And Improvement of The Town of Minuwangoda,Whose Term of office Is Due To Expire on The Fifteenth D |
| 300 ## - PHYSICAL DESCRIPTION | |
| Extent | 23 cm |
| Withdrawn status | Lost status | Damaged status | Not for loan | Collection code | Permanent Location | Current Location | Date acquired | Full call number | Koha item type |
|---|---|---|---|---|---|---|---|---|---|
| Government Publications | Library National Museum Colombo - Sri Lanka | Library National Museum Colombo - Sri Lanka | 2013-07-24 | The Ordinances Of Ceylon 1945 | Books |


